000 00608nam a22001817a 4500
005 20251108164956.0
008 250721s2000 xx 000 0 ara d
082 1 4 _a658.3/خال
100 1 _aالهيتي، خالد عبد الرحيم مطر
245 1 0 _aإدارة الموارد البشرية :
_bمدخل إستراتيجي /
264 1 _aعمان :
_bدار ومكتبة الحامد للنشر والتوزيع،
_c2000.
300 _a298ص
650 1 7 _aإدارة الأفراد
650 1 7 _aالموارد البشرية
650 1 7 _aالدارة
942 _2ddc
_cBK
999 _c18850
_d18850